000 00781nam a2200205 a 4500
003 0
005 20250315101510.0
008 071127s19uu xx 00 eng d
050 _aPGS GN 388.D86.L58
_b.M685 2007
100 _aMizukoshi, Kenan P.
245 _aThe Dumagat tribe's nomadic practices and their literacy level /
_cKenan P. Mizukoshi.
260 _aLas PiƱas City, Philippines :
_bSouthville International School and Colleges,
_c2007.
300 _a42 pages :
_billustrations ;
_c28 cm.
504 _aIncludes bibliographical references.
650 _aDumagat (Philippine people)
_vSocial life and customs.
650 _aIndigenous peoples
_vPhilippines
_vEducation.
650 _aLiteracy
_vPhilippines.
650 _aNomads
_vPhilippines.
942 _2lcc
_cPASS
999 _c97750
_d97750